Skvalitnenie systému motivácie zamestnancov v spoločnosti MPC CESSI, a. s.

Gespeichert in:
Bibliographische Detailangaben
1. Verfasser: Dzimková, Martina, 1987- (Verfasst von)
Weitere Verfasser: Píša, Maroš, 1981- (Betreuung Doktorarbeit)
Format: Manuskript Buch
Sprache:Slowakisch
Veröffentlicht: Trnava : STU v Bratislave MTF UIPH, 2010
Schlagworte:
Online-Zugang:VAIS
Tags: Tag hinzufügen
Keine Tags, Fügen Sie das erste Tag hinzu!

MARC

LEADER 00000ntm a22000003a 4500
001 stu217898
005 20160719160357.5
008 101130s2010----xo------------------slo-d
040 |a STU  |b slo 
041 0 |a slo 
044 |a xo 
100 1 |a Dzimková, Martina,  |d 1987-  |4 aut  |X 48775  |7 A000048775 
242 0 0 |a Improving the system of motivation in the company MPC CESSI, a. s.  |y eng 
245 1 |a Skvalitnenie systému motivácie zamestnancov v spoločnosti MPC CESSI, a. s. 
260 |a Trnava :  |b STU v Bratislave MTF UIPH,  |c 2010 
650 7 |a personálna práca v priemyselnom podniku  |2 stusub 
650 7 |a Personnel Work in a Business Enterprise  |2 estusub 
650 7 |a motivačné faktory  |2 stusub 
650 7 |a motivation  |2 estusub 
700 1 |a Píša, Maroš,  |d 1981-  |4 ths  |u M310  |U MTF Ústav inžinierskej pedagogiky a humatitných vied  |T MTF Katedra humanitných vied  |X 52982  |U M310  |Y M310  |7 A000052982 
856 4 |a info a plný text  |u http://is.stuba.sk/zp/portal_zp.pl?podrobnosti=47406  |3 VAIS 
996 |c M*BP-4816  |l MMSKP  |s P  |a 0  |w stu217898_0001